000 00290nam a2200097Ia 4500
008 220216s9999 xx 000 0 und d
245 0 _aEffect of thickness gauge alignment on tensile strength mesurements on latex films
260 _bRubber Developments
_c1993
300 _a91-92
942 _cJS
999 _c58209
_d58209